000 00316nam a2200121Ia 4500
005 20251222144624.0
008 251222s9999||||xx |||||||||||||| ||spa||
082 _a270/T78/3
100 _aCantalamessa, Raniero
245 0 _aLa Pasqua nella Chiesa Antica
264 _bSocietá Editrice Internazionale
942 _cLIB
999 _c16052
_d16052